Pudarnya sekuntum mawar (Record no. 144479)

MARC details
000 -LEADER
fixed length control field 00720nam a2200265 i 4500
001 - CONTROL NUMBER
control field C2-0223305
003 - CONTROL NUMBER IDENTIFIER
control field PPAK
005 - DATE AND TIME OF LATEST TRANSACTION
control field 20180728152222.0
008 - FIXED-LENGTH DATA ELEMENTS--GENERAL INFORMATION
fixed length control field 000208s1998 my |||| ||||| | may d
020 ## - INTERNATIONAL STANDARD BOOK NUMBER
International Standard Book Number 9831372050
040 ## - CATALOGING SOURCE
Original cataloging agency PPAK
Language of cataloging eng
Transcribing agency PPAK
Description conventions rda
082 04 - DEWEY DECIMAL CLASSIFICATION NUMBER
Classification number 899.233
Edition number 23
090 00 - LOCALLY ASSIGNED LC-TYPE CALL NUMBER (OCLC); LOCAL CALL NUMBER (RLIN)
Classification number (OCLC) (R) ; Classification number, CALL (RLIN) (NR) 899.233
Feature heading AZU
Feature heading G
100 0# - MAIN ENTRY--PERSONAL NAME
Personal name Azuri Abd. Hamid,
Relator term author
245 10 - TITLE STATEMENT
Title Pudarnya sekuntum mawar
264 #1 - PRODUCTION, PUBLICATION, DISTRIBUTION, MANUFACTURE, AND COPYRIGHT NOTICE
Place of production, publication, distribution, manufacture Seberang Perai Tengah, Pulau Pinang :
Name of producer, publisher, distributor, manufacturer Rhythm ,
Date of production, publication, distribution, manufacture, or copyright notice 1998
300 ## - PHYSICAL DESCRIPTION
Extent 108 pages ;
Dimensions 18 cm
336 ## - CONTENT TYPE
Source rdacontent
Content type term text
337 ## - MEDIA TYPE
Source rdamedia
Media type term unmediated
338 ## - CARRIER TYPE
Source rdacarrier
Carrier type term volume
490 1# - SERIES STATEMENT
Series statement Siri cinta remaja
650 10 - SUBJECT ADDED ENTRY--TOPICAL TERM
Topical term or geographic name entry element Malay fiction.
830 #0 - SERIES ADDED ENTRY--UNIFORM TITLE
Uniform title Siri cinta remaja
942 ## - ADDED ENTRY ELEMENTS (KOHA)
-- dc
Koha item type Book
Holdings
Withdrawn Not for loan Current library Shelving location Date acquired Full call number Barcode Date last seen Koha item type Total Checkouts Date last checked out
    Perpustakaan Awam Sungai Petani Pinjaman Dewasa 20/07/2000 899.233 AZU A00933048 10/08/2025 Book 1 22/04/2025
    Perpustakaan Awam Sungai Petani Pinjaman Dewasa 20/07/2000 899.233 AZU A00933049 31/05/2018 Book    
    Perpustakaan Jitra Pinjaman Dewasa 20/07/2000 899.233 AZU A00933051 31/05/2018 Book    
    Perpustakaan Kulim Pinjaman Dewasa 20/07/2000 899.233 AZU A00933055 31/05/2018 Book    
    Perpustakaan Kulim Pinjaman Dewasa 20/07/2000 899.233 AZU A00933054 31/05/2018 Book    
    Perpustakaan Sik Pinjaman Dewasa 24/10/2000 899.233 AZU A00902309 31/05/2018 Book    
    Perpustakaan Sik Pinjaman Dewasa 24/10/2000 899.233 AZU A00902310 31/05/2018 Book    
    Perpustakaan Sik Pinjaman Dewasa 24/10/2000 899.233 AZU A00902311 31/05/2018 Book    
    Perpustakaan Yan Pinjaman Dewasa 20/07/2000 899.233 AZU A00933057 31/05/2018 Book    
    Bergerak 1, Alor Setar Pinjaman Dewasa 20/07/2000 899.233 AZU A00933058 31/05/2018 Book    
    Bergerak 1, Alor Setar Pinjaman Dewasa 20/07/2000 899.233 AZU A00933059 31/05/2018 Book    
    Bergerak 3, Baling Pinjaman Dewasa 20/07/2000 899.233 AZU A00933064 31/05/2018 Book    
    Bergerak 3, Baling Pinjaman Dewasa 20/07/2000 899.233 AZU A00933065 31/05/2018 Book    
    Bergerak 3, Baling Pinjaman Dewasa 20/07/2000 899.233 AZU A00933066 31/05/2018 Book    
    Bergerak 4, Sungai Petani Pinjaman Dewasa 20/07/2000 899.233 AZU A00933067 31/05/2018 Book    
    Bergerak 4, Sungai Petani Pinjaman Dewasa 20/07/2000 899.233 AZU A00933068 31/05/2018 Book    
    Bergerak 4, Sungai Petani Pinjaman Dewasa 20/07/2000 899.233 AZU A00933069 31/05/2018 Book    
    Bergerak 5, Kulim Pinjaman Dewasa 20/07/2000 899.233 AZU A00933071 31/05/2018 Book    
    Bergerak 5, Kulim Pinjaman Dewasa 20/07/2000 899.233 AZU A00933072 31/05/2018 Book    
    Bergerak 5, Kulim Pinjaman Dewasa 20/07/2000 899.233 AZU A00933076 31/05/2018 Book    
    Bergerak 5, Kulim Pinjaman Dewasa 20/07/2000 899.233 AZU A00933077 31/05/2018 Book    
    Bergerak 5, Kulim Pinjaman Dewasa 20/07/2000 899.233 AZU A00933078 31/05/2018 Book